[Event "80th Anniversary Mollet IM"]
[Site "Mollet del Valles ESP"]
[Date "2011.12.10"]
[Round "7"]
[White "Cruz, Jonathan"]
[Black "Ryan, Joe"]
[Result "1-0"]
[WhiteTitle "IM"]
[BlackTitle "FM"]
[WhiteElo "2386"]
[BlackElo "2304"]
[Plycount "107"]
[WhiteFideId "3802124"]
[BlackFideId "2500426"]
[EventDate "2011.12.07"]
[Source "TWIC 893"]

1. d4 Nf6 2. c4 g6 3. Nc3 d5 4. Nf3 Bg7 5. Bg5 Ne4 6. cxd5 Nxg5 7. Nxg5 e6 8.
Nf3 exd5 9. e3 a5 10. Be2 c6 11. O-O O-O 12. Rc1 Re8 13. Na4 Nd7 14. a3 Bf8 15.
Ne1 Bd6 16. Nd3 Nf6 17. Bf3 h5 18. Nf4 Bxf4 19. exf4 Re7 20. Nc5 Ne8 21. Be2 Nd6
22. Bd3 Bf5 23. Rc3 Bxd3 24. Rxd3 b6 25. Nb3 Nc4 26. Rg3 Kh7 27. Nd2 Qd7 28. Nf3
Nxb2 29. Ng5+ Kh8 30. Qc1 Nc4 31. Nf3 Kg7 32. Ne5 Qd6 33. a4 b5 34. Qd1 Rh8 35.
Qc2 h4 36. Rg5 Qf6 37. g3 hxg3 38. hxg3 Qe6 39. f5 Qf6 40. f4 Ne3 41. Qd3 Nxf5
42. Rc1 Re6 43. axb5 cxb5 44. Rc7 Re7 45. Rc6 Nd6 46. Qa3 Nc4 47. Qc5 Re6 48.
Rc7 Nxe5 49. dxe5 Qd8 50. Qa7 Rf8 51. Rg4 Kg8 52. f5 Rxe5 53. Rxg6+ Kh8 54. Rxf7 1-0

[Event "80th Anniversary Mollet IM"]
[Site "Mollet del Valles ESP"]
[Date "2011.12.11"]
[Round "8"]
[White "Capellades Subirana, Marc"]
[Black "Ryan, Joe"]
[Result "1-0"]
[WhiteTitle "FM"]
[BlackTitle "FM"]
[WhiteElo "2314"]
[BlackElo "2304"]
[Plycount "99"]
[WhiteFideId "2272245"]
[BlackFideId "2500426"]
[EventDate "2011.12.07"]
[Source "TWIC 893"]

1. e4 d6 2. d4 Nf6 3. Bd3 e5 4. d5 g6 5. Ne2 Bg7 6. f3 Nbd7 7. Bb5 O-O 8. Bxd7
Bxd7 9. c4 Nh5 10. Nbc3 Qh4+ 11. g3 Qe7 12. Be3 a6 13. g4 Nf4 14. Nxf4 exf4 15.
Bxf4 Bxg4 16. Qd3 Bd7 17. O-O-O b5 18. cxb5 axb5 19. Kb1 b4 20. Ne2 f5 21. Bc1
fxe4 22. fxe4 Bg4 23. Rdf1 Qe5 24. Rxf8+ Rxf8 25. Rg1 Bd7 26. Ng3 Rf2 27. Qb3
Qd4 28. Rd1 Ba4 29. Rxd4 Bxb3 30. Rd2 Rxd2 31. Bxd2 Bc4 32. Kc2 h5 33. b3 Ba6
34. Bg5 Bb7 35. Ne2 c6 36. Nf4 Kf7 37. Ne6 Bf6 38. Bxf6 cxd5 39. Nd8+ Kxf6 40.
Nxb7 dxe4 41. Nd8 g5 42. Nc6 g4 43. Nxb4 Ke5 44. Kd2 d5 45. Nc6+ Kf4 46. b4 h4
47. b5 Kf3 48. Ne5+ Kf4 49. Nxg4 Kxg4 50. Ke3 1-0

[Event "80th Anniversary Mollet IM"]
[Site "Mollet del Valles ESP"]
[Date "2011.12.11"]
[Round "9"]
[White "Ryan, Joe"]
[Black "Bals Hernandez, Jordi"]
[Result "1-0"]
[WhiteTitle "FM"]
[WhiteElo "2304"]
[BlackElo "2144"]
[Plycount "117"]
[WhiteFideId "2500426"]
[BlackFideId "2201968"]
[EventDate "2011.12.07"]
[Source "TWIC 893"]

1. g3 c5 2. Bg2 Nc6 3. d3 g6 4. e4 Bg7 5. f4 d6 6. Nf3 e6 7. O-O Nge7 8. c3 O-O
9. Be3 b6 10. Na3 d5 11. e5 Qd7 12. Bf2 Ba6 13. Re1 Rac8 14. Nc2 Rfd8 15. d4
cxd4 16. Ncxd4 Nxd4 17. Nxd4 Nc6 18. Nxc6 Qxc6 19. Bd4 Bf8 20. b4 Bc4 21. g4 a5
22. a3 Ra8 23. Qf3 axb4 24. axb4 b5 25. f5 Rxa1 26. Rxa1 Ra8 27. Re1 Ra3 28. Qf4
Qa8 29. fxe6 fxe6 30. Qf6 Qe8 31. g5 Bg7 32. Qf4 Qf7 33. Qg4 Qf5 34. Qg3 Qd3 35.
Qxd3 Bxd3 36. Bh3 Ra6 37. Re3 Bc4 38. Rf3 Be2 39. Rf2 Bc4 40. Bg4 Bd3 41. h4 Bc4
42. Kh2 Bd3 43. Kg3 Bf8 44. Kf4 Be7 45. Ke3 Bc4 46. Bc5 Bxc5+ 47. bxc5 d4+ 48.
Kxd4 Ra4 49. Ke3 Bd5 50. Rf4 Ra3 51. Kd3 Bc4+ 52. Kd4 Ra4 53. c6 Bd5+ 54. Ke3
Ra6 55. Rb4 Rxc6 56. Kd4 Rc8 57. Be2 Rf8 58. Bxb5 Rf4+ 59. Kc5 1-0

[Event "Northern California International"]
[Site "Fremont USA"]
[Date "2012.01.04"]
[Round "4"]
[White "Collins, Sam"]
[Black "Rodriguez, Eric"]
[Result "1-0"]
[WhiteTitle "IM"]
[BlackTitle "FM"]
[WhiteElo "2426"]
[BlackElo "2352"]
[Plycount "43"]
[WhiteFideId "2501198"]
[BlackFideId "2023628"]
[EventDate "2012.01.02"]
[Source "TWIC 896"]

1. Nf3 c5 2. c4 Nc6 3. g3 g6 4. Bg2 Bg7 5. Nc3 a6 6. O-O d6 7. a3 Bd7 8. Rb1 b5
9. cxb5 axb5 10. Nxb5 Rb8 11. a4 Qb6 12. b3 Nb4 13. d4 Bxb5 14. dxc5 dxc5 15.
axb5 Rd8 16. Bd2 Qxb5 17. Qc1 Nf6 18. Bxb4 cxb4 19. Nd4 Qh5 20. Nc6 Rc8 21. Qe3
e6 22. Qa7 1-0

[Event "37th Seville Open"]
[Site "Seville ESP"]
[Date "2012.01.12"]
[Round "6"]
[White "McMahon, Daire"]
[Black "Barrero Garcia, Carlos"]
[Result "0-1"]
[WhiteTitle "FM"]
[BlackTitle "FM"]
[WhiteElo "2226"]
[BlackElo "2370"]
[Plycount "80"]
[WhiteFideId "2500477"]
[BlackFideId "2219522"]
[EventDate "2012.01.07"]
[Source "TWIC 897"]

1. d4 Nf6 2. c4 g6 3. Nc3 Bg7 4. e4 O-O 5. Be2 d6 6. Bg5 a6 7. Qd2 c5 8. d5 b5
9. cxb5 axb5 10. Bxb5 Qa5 11. a4 Ba6 12. f3 Bxb5 13. Nxb5 Qxb5 14. axb5 Rxa1+
15. Ke2 Nbd7 16. Qc2 Rb8 17. Bc1 Rxb5 18. Nh3 Ne8 19. Rd1 Nc7 20. Nf2 Ra7 21.
Rd3 Rab7 22. Nd1 h6 23. Ra3 Kh7 24. h4 R5b6 25. Nc3 Ne5 26. Ra4 h5 27. f4 Ng4
28. e5 Nb5 29. Nxb5 Rxb5 30. Ra8 dxe5 31. f5 Nf6 32. fxg6+ fxg6 33. Rd8 Bh6 34.
Kd3 Rb3+ 35. Kc4 R3b4+ 36. Kd3 e4+ 37. Ke2 Bxc1 38. Qxc1 Rxb2+ 39. Ke3 Ng4+ 40.
Kxe4 Nf2+ 0-1

[Event "11th Prague Open A"]
[Site "Prague CZE"]
[Date "2012.01.17"]
[Round "5"]
[White "Stoynov, Yordan"]
[Black "Cafolla, Peter"]
[Result "1-0"]
[WhiteTitle "FM"]
[WhiteElo "2225"]
[BlackElo "2021"]
[Plycount "45"]
[WhiteFideId "2900696"]
[BlackFideId "2500884"]
[EventDate "2012.01.13"]
[Source "TWIC 898"]

1. e4 c5 2. Nf3 Nc6 3. d4 cxd4 4. Nxd4 Nf6 5. Nc3 e5 6. Ndb5 d6 7. Nd5 Nxd5 8.
exd5 Ne7 9. c4 f5 10. c5 Ng6 11. cxd6 Bxd6 12. Qb3 a6 13. Nxd6+ Qxd6 14. Be3 f4
15. Bb6 Bf5 16. Rc1 Rc8 17. Rxc8+ Bxc8 18. Bd3 Ne7 19. Be4 Bf5 20. Bxf5 Nxf5 21.
O-O Ne7 22. Rd1 Rg8 23. Bc7 1-0

[Event "Northern California International"]
[Site "Fremont USA"]
[Date "2012.01.08"]
[Round "9"]
[White "Collins, Sam"]
[Black "Macieja, Bartlomiej"]
[Result "0-1"]
[WhiteTitle "IM"]
[BlackTitle "GM"]
[WhiteElo "2426"]
[BlackElo "2617"]
[Plycount "80"]
[WhiteFideId "2501198"]
[BlackFideId "1104306"]
[EventDate "2012.01.02"]
[Source "TWIC 898"]

1. e4 c6 2. c4 d5 3. exd5 Nf6 4. Nc3 cxd5 5. cxd5 Nxd5 6. Nf3 Nxc3 7. bxc3 g6 8.
d4 Bg7 9. Bd3 O-O 10. O-O Nc6 11. Re1 Bg4 12. h3 Bxf3 13. Qxf3 Qa5 14. Bb2 e5
15. d5 Ne7 16. d6 Nc8 17. Qxb7 Nxd6 18. Qb4 Qd5 19. Rad1 Rab8 20. Bb1 Rxb4 21.
Rxd5 Rxb2 22. Rxd6 Rfb8 23. Be4 Bf8 24. Rc6 Rxa2 25. Bd5 Rd2 26. c4 Rb7 27. Rc8
Rb6 28. f4 e4 29. Rxe4 Kg7 30. Rc7 Rf6 31. g3 a5 32. Kf1 a4 33. Re2 Rd3 34. Kg2
a3 35. h4 h5 36. Rc8 Ra6 37. Ra8 Rxa8 38. Bxa8 Bc5 39. Be4 Rb3 40. Bd5 f5 0-1

[Event "11th Marienbad Open"]
[Site "Marianske Lazne CZE"]
[Date "2012.01.26"]
[Round "7"]
[White "Cafolla, Peter"]
[Black "Liuba, Volodymyr"]
[Result "1/2-1/2"]
[WhiteElo "2021"]
[BlackElo "2108"]
[Plycount "72"]
[WhiteFideId "2500884"]
[BlackFideId "14100614"]
[EventDate "2012.01.21"]
[Source "TWIC 899"]

1. d4 Nf6 2. c4 c5 3. d5 b5 4. cxb5 a6 5. f3 g6 6. e4 d6 7. a4 Bg7 8. Na3 O-O 9.
Ne2 Bb7 10. Nc3 e6 11. Bc4 exd5 12. Nxd5 axb5 13. Nxb5 Nxd5 14. Bxd5 Bxd5 15.
Qxd5 Qa5+ 16. Qd2 Qxd2+ 17. Bxd2 Bxb2 18. Ra2 Bg7 19. O-O Ra6 20. Rd1 Nd7 21.
Bf4 Nb6 22. Rxd6 Rxa4 23. Rxa4 Nxa4 24. Ra6 Nc3 25. Nxc3 Bxc3 26. Rc6 Bd4+ 27.
Kf1 Ra8 28. Bh6 f5 29. g4 fxe4 30. fxe4 Re8 31. Kg2 Rxe4 32. Kf3 Re5 33. Rc7 Re1
34. h3 Rf1+ 35. Ke4 Re1+ 36. Kd5 Re8 1/2-1/2

[Event "Gibraltar Open"]
[Site "Caleta ENG"]
[Date "2012.02.02"]
[Round "10.25"]
[White "Nabaty, Tamir"]
[Black "Astaneh Lopez, Alex"]
[Result "1-0"]
[WhiteTitle "GM"]
[BlackTitle "IM"]
[WhiteElo "2563"]
[BlackElo "2414"]
[Plycount "69"]
[WhiteFideId "2809052"]
[BlackFideId "2501430"]
[EventDate "2012.01.24"]
[Source "TWIC 900"]

1. e4 c5 2. Nf3 d6 3. d4 cxd4 4. Nxd4 Nf6 5. Nc3 a6 6. Bg5 Nbd7 7. Qf3 e6 8. Be2
Be7 9. Rd1 Qb6 10. O-O h6 11. Bc1 O-O 12. Qg3 Kh8 13. Kh1 Qc7 14. f4 b5 15. e5
Ne8 16. Nc6 Qxc6 17. exd6 Nxd6 18. Bf3 Qc4 19. Bxa8 b4 20. Na4 Qxc2 21. b3 Qxa2
22. Rxd6 Bxd6 23. Bb2 Be5 24. fxe5 Nc5 25. Nxc5 Qxb2 26. Ne4 Bd7 27. Nd6 Bb5 28.
Nxb5 Qe2 29. Rc1 axb5 30. Bc6 Rc8 31. Qf3 Qxe5 32. Qxf7 Rc7 33. Qe8+ Kh7 34. Rf1
Qe2 35. Bxb5 1-0

[Event "4th Coral Colon IM"]
[Site "Sabadell ESP"]
[Date "2012.02.17"]
[Round "2"]
[White "Cruz, Filemon"]
[Black "Ryan, Joe"]
[Result "1/2-1/2"]
[WhiteTitle "IM"]
[BlackTitle "FM"]
[WhiteElo "2428"]
[BlackElo "2289"]
[Plycount "27"]
[WhiteFideId "3800296"]
[BlackFideId "2500426"]
[EventDate "2012.02.10"]
[Source "TWIC 902"]

1. c4 Nf6 2. Nc3 g6 3. e4 d6 4. d4 Bg7 5. Be2 O-O 6. Bg5 h6 7. Be3 c5 8. d5 e6
9. Qd2 exd5 10. cxd5 Kh7 11. h4 h5 12. Nf3 Nbd7 13. Bf4 Qe7 14. O-O 1/2-1/2

[Event "4th Coral Colon IM"]
[Site "Sabadell ESP"]
[Date "2012.02.24"]
[Round "3"]
[White "Ryan, Joe"]
[Black "Subirats Ruiz, Sergi"]
[Result "1-0"]
[WhiteTitle "FM"]
[WhiteElo "2289"]
[BlackElo "2160"]
[Plycount "125"]
[WhiteFideId "2500426"]
[BlackFideId "2292475"]
[EventDate "2012.02.10"]
[Source "TWIC 903"]

1. Nf3 Nf6 2. g3 g6 3. b3 Bg7 4. Bb2 c5 5. Bg2 Nc6 6. c4 e6 7. d4 d5 8. dxc5
Qa5+ 9. Nbd2 dxc4 10. Qc2 Qxc5 11. Qxc4 Qxc4 12. Nxc4 O-O 13. O-O Nd5 14. Bxg7
Kxg7 15. Nfe5 Nxe5 16. Nxe5 Nc3 17. Bf3 f6 18. Nc4 Bd7 19. Rfc1 Nd5 20. e4 Nb4
21. a3 Nc6 22. Rd1 Rfd8 23. e5 Nxe5 24. Nxe5 fxe5 25. Rac1 Bc6 26. Bxc6 Rxd1+
27. Rxd1 bxc6 28. Rd7+ Kf6 29. Rxh7 a5 30. Rb7 Rd8 31. Rb6 Rd3 32. a4 Rc3 33. h4
Kf5 34. Rb8 e4 35. Ra8 Rxb3 36. Rxa5+ e5 37. Rc5 e3 38. fxe3 Rxe3 39. Kf2 Ra3
40. a5 Ra2+ 41. Kf3 Ra3+ 42. Kg2 Ra2+ 43. Kh3 Ra3 44. Rxc6 Rxa5 45. g4+ Kf4 46.
Rf6+ Ke3 47. Rxg6 e4 48. g5 Kf4 49. Rf6+ Ke5 50. Kg4 Ra1 51. Rf5+ Kd4 52. Rf8 e3
53. Re8 Kd3 54. g6 e2 55. Rxe2 Kxe2 56. h5 Rg1+ 57. Kf5 Rf1+ 58. Kg5 Rg1+ 59.
Kf6 Rf1+ 60. Kg7 Ra1 61. h6 Ra7+ 62. Kh8 Ra6 63. Kh7 1-0